01115nas a2200277Ia 4500001001600000003001000016008004100026040002500067041001300092100002400105210001800129222001800147245006600165250001100231260000900242501012300251300001300374362002300387500016800410650002400578700001100602942000700613957000600620999003300626952017800659A03/R024-39097 IT-MiCISF161014c99999999xx |||||||||||| ||und|| aIT-MiCISFcIT-MiCISF aITALIANO aManenti Alessandro  aFamiglia oggi aFamiglia oggi 0aGenitori e punizioni. Come rendere i figli più responsabili a1a ed. c2004 bCISF - Centro Internazionale Studi Famiglia - Via Giotto, 36 20145 MILANO (non commercial uses only)cCopyright 2016 app. 8-55 an. 3, marzo [2004] aNovara D., Piaia G., Cavedo R., De Pieri S., Zattoni M., Gillini G., Dal Toso P. Tema: educazione-bambini, autorità-parentale, cultura, pedagogia, bibbia, scuola aEDUCAZIONEvdossier aAA.VV. cCR 71 a39097bSig1c238213d238213 0010406A_03_000000000000000_R0243909771aCISFbCISFd2016-10-14l0oA03/R024-39097 r2016-10-14 00:00:00w2016-10-14yCRzData import 15.10.2016 / by Epidotti, Vaglietti